| 000 | 00916nam a2200277 i 4500 | ||
|---|---|---|---|
| 001 | 22217 | ||
| 003 | ES-MaACL | ||
| 005 | 20241020063110.0 | ||
| 007 | t| | ||
| 008 | 021129s1964 sp ||||1| spa d | ||
| 017 | _aZ-91 | ||
| 040 |
_cES-MaACL _dES-MaACL |
||
| 100 | 1 |
_aAlfonso, José María. _919852 _eaut |
|
| 245 | 1 | 0 |
_aAmor es muerte / _cJosé Mª Alfonso. |
| 260 |
_a[Zaragoza : _bs.n.], _c1964. _f(Gráf. Los Sitios) |
||
| 300 |
_a[8] h. ; _c28 cm. |
||
| 655 | 7 |
_2tgfbne _9176539 _aPoesías |
|
| 700 | 0 |
_959462 _aGracía, Luciano, _d1917-1986 _epbd |
|
| 852 |
_aES-MaACL _j2037-F-30 _bR.53826 _923024 _cDEPOF |
||
| 852 |
_aES-MaACL _jFOLL-BUE-75 _cDEPOF _hLegado: Antonio Buero Vallejo _9203734 |
||
| 903 |
_932421 _aBuero Vallejo, Antonio, _q1 _d1916-2000 _ednr |
||
| 942 |
_cFOLLETOS _n0 |
||
| 999 |
_c22217 _d22217 |
||